000 00338nam a2200133Ia 4500
008 151001s9999||||xx |||||||||||||| ||und||
100 _aचारुशीला भिडे
245 _aप्रकाश किरण
250 _a1
260 _bदेविका
260 _c1999
300 _a171
365 _b21
999 _c976199
_d976196